Research methodology; (Record no. 86000)

MARC details
000 -LEADER
fixed length control field 00795cam a2200253 4500
001 - CONTROL NUMBER
control field sa 68014726
003 - CONTROL NUMBER IDENTIFIER
control field DLC
005 - DATE AND TIME OF LATEST TRANSACTION
control field 20260227112634.0
008 - FIXED-LENGTH DATA ELEMENTS--GENERAL INFORMATION
fixed length control field 700212s1968 ii 100 0 eng
010 ## - LIBRARY OF CONGRESS CONTROL NUMBER
LC control number sa 68014726
025 ## - OVERSEAS ACQUISITION NUMBER
Overseas acquisition number PL480:I-E-10843
040 ## - CATALOGING SOURCE
Original cataloging agency DLC
Transcribing agency DLC
Modifying agency DLC
050 00 - LIBRARY OF CONGRESS CALL NUMBER
Classification number Q180.5
Item number .S44 1968
082 00 - DEWEY DECIMAL CLASSIFICATION NUMBER
Classification number 507/.2
111 2# - MAIN ENTRY--MEETING NAME
Meeting name or jurisdiction name as entry element Seminar on Research Methodology,
Location of meeting Sardar Patel University,
Date of meeting or treaty signing 1968.
245 10 - TITLE STATEMENT
Title Research methodology;
Remainder of title a symposium.
Statement of responsibility, etc. Director: R. L. Khandelwal.
260 ## - PUBLICATION, DISTRIBUTION, ETC.
Place of publication, distribution, etc. Vallabh Vidyanagar,
Name of publisher, distributor, etc. Sardar Patel University,
Date of publication, distribution, etc. 1968.
300 ## - PHYSICAL DESCRIPTION
Extent 91 p.
Dimensions 25 cm.
350 ## - PRICE (NR) (BK AM CF MU VM SE) [OBSOLETE]
Price 4.00
500 ## - GENERAL NOTE
General note Organized by the Sardar Patel University.
650 #0 - SUBJECT ADDED ENTRY--TOPICAL TERM
Topical term or geographic name entry element Research.
700 1# - ADDED ENTRY--PERSONAL NAME
Personal name Khaṇḍelavāla, Rāmeśvara Lāla,
Dates associated with a name 1919-
710 2# - ADDED ENTRY--CORPORATE NAME
Corporate name or jurisdiction name as entry element Sardar Patel University.

No items available.

Powered by Koha